Potential new primary clones of Hevea evolved by ortet selection in India (Record no. 48999)

MARC details
000 -LEADER
fixed length control field 00552nam a2200205Ia 4500
100 ## - MAIN ENTRY--AUTHOR NAME
Personal name John A
245 #0 - TITLE STATEMENT
Title Potential new primary clones of Hevea evolved by ortet selection in India
260 ## - PUBLICATION, DISTRIBUTION, ETC. (IMPRINT)
Name of publisher Journal of Rubber Research
Year of publication 2013
300 ## - PHYSICAL DESCRIPTION
Number of Pages 134-146
650 ## - SUBJECT ADDED ENTRY--TOPICAL TERM
Topical Term Disease incidence
650 ## - SUBJECT ADDED ENTRY--TOPICAL TERM
Topical Term Hevea brasiliensis
650 ## - SUBJECT ADDED ENTRY--TOPICAL TERM
Topical Term Ortet selection
650 ## - SUBJECT ADDED ENTRY--TOPICAL TERM
Topical Term Rubber yield
700 ## - ADDED ENTRY--PERSONAL NAME
Personal name Idicula P.S
700 ## - ADDED ENTRY--PERSONAL NAME
Personal name Nazeer M A
700 ## - ADDED ENTRY--PERSONAL NAME
Personal name Thomas V
700 ## - ADDED ENTRY--PERSONAL NAME
Personal name Varghese Y.A
942 ## - ADDED ENTRY ELEMENTS (KOHA)
Koha item type Bibliography STAF
Holdings
Withdrawn status Lost status Damaged status Not for loan Home library Current library Shelving location Date acquired Serial Enumeration / chronology Koha item type
      Bibliography RRII Library RRII Library Botany 30/09/2013 Volume 16, Issue 2 Bibliography STAF